[Event "BL 8384 Lasker-Bayern"]
[Site "?"]
[Date "1984.??.??"]
[Round "?.2"]
[White "Paulsen, D."]
[Black "Kindermann, S."]
[Result "1/2-1/2"]
[WhiteElo "2375"]
[BlackElo "2500"]
[PlyCount "29"]
[EventDate "1984.??.??"]

1. e4 c5 2. b3 Nc6 3. Nf3 d6 4. Bb2 e5 5. Bb5 g6 6. O-O Bg7 7. Bxc6+ bxc6 8. a3
Rb8 9. Bc3 Nf6 10. Re1 O-O 11. b4 cxb4 12. axb4 Qc7 13. d4 Nh5 14. Ra5 Rb5 15.
dxe5 1/2-1/2

[Event "BL 8384 Lasker-Bayern"]
[Site "?"]
[Date "1984.??.??"]
[Round "?.3"]
[White "Hecht, H."]
[Black "Cladouras, P."]
[Result "1-0"]
[WhiteElo "2450"]
[BlackElo "2290"]
[PlyCount "170"]
[EventDate "1984.??.??"]

1. Nf3 Nf6 2. c4 e6 3. Nc3 d5 4. d4 c5 5. e3 Nc6 6. a3 a6 7. Bd3 cxd4 8. exd4
dxc4 9. Bxc4 Be7 10. O-O O-O 11. Bg5 b5 12. Bd3 Bb7 13. Bb1 Rc8 14. Qd3 g6 15.
Rd1 Na5 16. Bh6 Re8 17. Ne5 Nc4 18. Qe2 Nd6 19. Ba2 Nd5 20. Nxd5 Bxd5 21. Bxd5
exd5 22. Qf3 Nf5 23. Bf4 f6 24. Ng4 Rc4 25. Nh6+ Nxh6 26. Bxh6 Qd7 27. b3 Rcc8
28. a4 Bd8 29. axb5 axb5 30. Re1 Rxe1+ 31. Rxe1 Ba5 32. Re2 Qf5 33. Qxf5 gxf5
34. Re7 Bb6 35. Rg7+ Kh8 36. Rb7 Bxd4 37. Rxb5 Rd8 38. Kf1 Be5 39. Ke2 d4 40.
Kd3 f4 41. g3 f3 42. Bf4 Bxf4 43. gxf4 Rc8 44. Kxd4 Kg7 45. Ke4 Rc3 46. Kf5 Rc2
47. Rb7+ Kh6 48. Kxf6 Rxf2 49. f5 Rb2 50. Rb4 Kh5 51. h4 f2 52. Rf4 Kh6 53. Ke7
Rxb3 54. f6 Rb7+ 55. Ke6 Rb6+ 56. Ke5 Rb5+ 57. Kd6 Rb8 58. h5 Ra8 59. Rxf2 Ra6+
60. Ke5 Ra5+ 61. Kf4 Ra4+ 62. Kg3 Rg4+ 63. Kf3 Ra4 64. Ke3 Ra3+ 65. Ke4 Ra4+
66. Kf5 Ra5+ 67. Kg4 Rg5+ 68. Kf4 Ra5 69. Rf1 Ra4+ 70. Ke5 Ra5+ 71. Kd6 Ra6+
72. Kd5 Ra5+ 73. Kc6 Ra8 74. Rf2 Kxh5 75. f7 Rf8 76. Kd6 Kg4 77. Ke7 Rxf7+ 78.
Rxf7 h5 79. Rg7+ Kf3 80. Rh7 Kg4 81. Kf6 h4 82. Ke5 Kg3 83. Ke4 h3 84. Ke3 Kg2
85. Rg7+ Kf1 1-0

[Event "BL 8384 Lasker-Bayern"]
[Site "?"]
[Date "1984.??.??"]
[Round "?.4"]
[White "Fette, M."]
[Black "Bischoff, K."]
[Result "0-1"]
[WhiteElo "2265"]
[BlackElo "2400"]
[PlyCount "86"]
[EventDate "1984.??.??"]

1. e4 e6 2. d4 d5 3. Nc3 Nf6 4. e5 Ng8 5. Nf3 b6 6. Bd3 Ba6 7. Bxa6 Nxa6 8. O-O
Qd7 9. Ne2 c5 10. c3 Nc7 11. Nf4 h5 12. Ng5 g6 13. Qd3 Nh6 14. Be3 Nf5 15. dxc5
bxc5 16. Rad1 Be7 17. Nfh3 Qa4 18. a3 a5 19. Bc1 Rb8 20. f3 h4 21. Nf2 Qb5 22.
Qc2 Qc4 23. Ng4 Kf8 24. Qf2 Ne8 25. Rde1 a4 26. Ne3 Nxe3 27. Bxe3 Ng7 28. Ne4
Nf5 29. Bc1 Kg7 30. Nf6 Bxf6 31. exf6+ Kxf6 32. g4 hxg3 33. hxg3 Rh3 34. Bf4
Qxf4 35. gxf4 Rg3+ 36. Kh1 Rh8+ 37. Qh2 Rgh3 38. Rf2 Rxh2+ 39. Rxh2 Rb8 40. c4
d4 41. Re5 Rc8 42. Re1 Ne3 43. Rc1 Rb8 0-1

[Event "BL 8384 Lasker-Bayern"]
[Site "?"]
[Date "1984.??.??"]
[Round "?.5"]
[White "Calvo Minguez, R."]
[Black "Grzesik, T."]
[Result "1/2-1/2"]
[WhiteElo "2420"]
[BlackElo "2340"]
[PlyCount "110"]
[EventDate "1984.??.??"]

1. d4 d5 2. c4 c6 3. Nf3 Nf6 4. e3 e6 5. Nbd2 Nbd7 6. Bd3 Bd6 7. O-O O-O 8. Qc2
h6 9. Rd1 Qe7 10. cxd5 exd5 11. a3 a5 12. Nf1 Ne4 13. Ne1 Re8 14. f3 Nef6 15.
Bd2 Nf8 16. Bc3 Ne6 17. Qf2 Bd7 18. Nc2 c5 19. Ng3 g6 20. Bf1 Ba4 21. Re1 Bxc2
22. Qxc2 cxd4 23. exd4 Qc7 24. Qf2 Nf4 25. Bb5 Rxe1+ 26. Qxe1 Qb6 27. a4 Ne6
28. Ne2 Nc7 29. Bd3 Bb4 30. Qd2 Kg7 31. Rc1 Ne6 32. Kf2 Bd6 33. g3 Nd7 34. Kg2
Nb8 35. h4 Nc6 36. h5 Qd8 37. Rh1 Qg5 38. hxg6 fxg6 39. Qxg5 Nxg5 40. f4 Ne6
41. Kf3 Be7 42. Ke3 Bf6 43. Bb5 Na7 44. Bd7 Nf8 45. Bg4 Re8+ 46. Kd2 Nc6 47.
Bf3 Rd8 48. Kd3 Ne6 49. Re1 Rd6 50. g4 Rd8 51. Bh1 Nc7 52. Ng1 Bh4 53. Rf1 Rf8
54. Ne2 Na6 55. Kd2 Nc7 1/2-1/2

[Event "BL 8384 Lasker-Bayern"]
[Site "?"]
[Date "1984.??.??"]
[Round "?.7"]
[White "Westermeier, A."]
[Black "Grzesik, F."]
[Result "0-1"]
[WhiteElo "2285"]
[BlackElo "2260"]
[PlyCount "90"]
[EventDate "1984.??.??"]

1. e4 Nf6 2. e5 Nd5 3. d4 d6 4. c4 Nb6 5. exd6 cxd6 6. Nc3 g6 7. Be3 Bg7 8. h4
h5 9. Qd2 Nc6 10. Nf3 Bg4 11. Ng5 d5 12. cxd5 Nxd5 13. Bc4 e6 14. Nxd5 exd5 15.
Be2 Qd7 16. O-O O-O 17. f3 Bf5 18. f4 Rfe8 19. Bb5 Bg4 20. Nf3 Bxf3 21. Rxf3 f5
22. Bf2 Re4 23. Rg3 Qd6 24. Bd3 Re6 25. Re1 Rae8 26. Rxe6 Rxe6 27. Bc2 Kh7 28.
Rb3 b6 29. Rb5 Na5 30. Bd3 Bf8 31. g3 Qd8 32. Be1 a6 33. Rxa5 bxa5 34. Qxa5
Qxa5 35. Bxa5 Re3 36. Bxa6 Rxg3+ 37. Kf2 Rh3 38. Bc3 Rxh4 39. Kf3 Bd6 40. Bd2
Rh2 41. Bc3 Rh3+ 42. Kg2 Rh4 43. Bb7 Rg4+ 44. Kh3 Rxf4 45. Bxd5 Rf2 {ZÜ} 0-1

[Event "BL 8384 Lasker-Sindelfingen"]
[Site "?"]
[Date "1984.??.??"]
[Round "?.1"]
[White "Fahnenschmidt, G."]
[Black "Wockenfuss, K."]
[Result "1/2-1/2"]
[WhiteElo "2325"]
[BlackElo "2355"]
[PlyCount "42"]
[EventDate "1984.??.??"]

1. d4 d5 2. c4 e6 3. Nf3 c5 4. cxd5 exd5 5. g3 Nf6 6. Bg2 Be7 7. O-O O-O 8. Nc3
Nc6 9. b3 Ne4 10. Bb2 Bf6 11. Na4 Re8 12. Rc1 b6 13. dxc5 Bxb2 14. Nxb2 bxc5
15. Nd2 Ba6 16. Nxe4 dxe4 17. Rxc5 Qf6 18. Nc4 Rad8 19. Rd5 Qe6 20. Rxd8 Rxd8
21. Qb1 Nd4 1/2-1/2

[Event "BL 8384 Lasker-Sindelfingen"]
[Site "?"]
[Date "1984.??.??"]
[Round "?.2"]
[White "Paulsen, D."]
[Black "Ullrich, F."]
[Result "0-1"]
[WhiteElo "2375"]
[BlackElo "2275"]
[PlyCount "104"]
[EventDate "1984.??.??"]

1. d4 Nf6 2. c4 e6 3. Nf3 d5 4. Nc3 Be7 5. Bg5 O-O 6. e3 Nbd7 7. Qc2 c6 8. cxd5
exd5 9. Bd3 Re8 10. O-O Nf8 11. Rae1 Be6 12. a3 a5 13. Na4 N8d7 14. Ne5 h6 15.
Bf4 Nh5 16. Bh7+ Kf8 17. Bf5 Nxf4 18. exf4 Bxf5 19. Qxf5 Nf6 20. g4 Qc8 21. Qc2
Bd8 22. f3 Kg8 23. g5 hxg5 24. fxg5 Nh5 25. Nxf7 Rxe1 26. Nh6+ gxh6 27. Qg6+
Ng7 28. Rxe1 Bxg5 29. Nb6 Qd8 30. Nxa8 Qxa8 31. f4 Bxf4 32. Kg2 Qd8 33. h4 Qf8
34. Rf1 Qd6 35. Qg4 Be3 36. Rf3 Qe7 37. Rg3 h5 38. Qxh5 Qe4+ 39. Qf3 Qxf3+ 40.
Rxf3 Bxd4 41. b3 Ne6 42. Kh3 Bc5 43. a4 Nd4 44. Re3 Kf7 45. h5 Bf8 46. Rd3 c5
47. Kg4 Bh6 48. Rg3 Kf6 49. Kh3 Bg5 50. Kg4 b6 51. Rg2 Be3 52. Rg3 Bd2 0-1

[Event "BL 8384 Lasker-Sindelfingen"]
[Site "?"]
[Date "1984.??.??"]
[Round "?.3"]
[White "Hoffmann, H."]
[Black "Cladouras, P."]
[Result "1/2-1/2"]
[WhiteElo "2210"]
[BlackElo "2290"]
[PlyCount "93"]
[EventDate "1984.??.??"]

1. e4 e5 2. Nf3 Nc6 3. Bb5 a6 4. Ba4 Nf6 5. d3 d6 6. c3 Be7 7. Nbd2 O-O 8. O-O
b5 9. Bc2 Re8 10. Re1 Bf8 11. Nf1 g6 12. Bg5 Bg7 13. Ne3 Qd7 14. Bxf6 Bxf6 15.
a4 Rb8 16. axb5 axb5 17. b4 Nd8 18. Nd5 Bg7 19. Ra7 Rb7 20. Ra8 c6 21. Ne3 Ne6
22. Bb3 Ra7 23. Rxa7 Qxa7 24. Qa1 Qe7 25. g3 Bb7 26. Re2 Ra8 27. Ra2 Rxa2 28.
Qxa2 Bc8 29. Qa5 h5 30. Qa8 Qb7 31. Qxb7 Bxb7 32. Bxe6 fxe6 33. Ng5 Bc8 34. Kg2
d5 35. c4 bxc4 36. dxc4 d4 37. Nf1 Bf6 38. h4 Be7 39. c5 Bxg5 40. hxg5 Ba6 41.
Nd2 Bd3 42. f3 Kf7 43. Kf2 Ke7 44. Nb3 Kd7 45. Na5 Kc7 46. Ke1 Bb5 47. Kd2
1/2-1/2

[Event "BL 8384 Braunschweig-Heidelberg"]
[Site "?"]
[Date "1984.??.??"]
[Round "?.1"]
[White "Steinbacher, M."]
[Black "Eng, H."]
[Result "1/2-1/2"]
[WhiteElo "2310"]
[BlackElo "2280"]
[PlyCount "98"]
[EventDate "1984.??.??"]

1. e3 d5 2. c4 e6 3. Nf3 Nf6 4. Nc3 c5 5. cxd5 exd5 6. b3 Nc6 7. Bb2 Bg4 8. h3
Bh5 9. Rc1 a6 10. Be2 Be7 11. O-O O-O 12. d4 Bxf3 13. Bxf3 cxd4 14. exd4 Qd6
15. Na4 Ne4 16. Nc5 Bg5 17. Rc2 Qe7 18. Bxe4 dxe4 19. d5 Rad8 20. Nxb7 Qxb7 21.
Rxc6 Qxc6 22. dxc6 Rxd1 23. Rxd1 Rc8 24. Rd5 h6 25. Rc5 Kf8 26. b4 e3 27. Kf1
exf2 28. Be5 Ke7 29. Kxf2 Ke6 30. Bg3 Be7 31. Rc2 Bxb4 32. c7 Kd7 33. Rc4 Ba5
34. Rf4 Bb6+ 35. Kf3 f6 36. Rg4 g5 37. Ra4 Bxc7 38. Bxc7 Rxc7 39. Rxa6 Ke7 40.
Kg4 Rc2 41. g3 Rc3 42. h4 h5+ 43. Kh3 Rc2 44. hxg5 fxg5 45. a4 Rc3 46. Rg6 h4
47. Rxg5 Rxg3+ 48. Rxg3 hxg3 49. Kxg3 Kd6 1/2-1/2

[Event "BL 8384 Sindelfingen-Braunschweig"]
[Site "?"]
[Date "1984.??.??"]
[Round "?.1"]
[White "Eng, H."]
[Black "Fahnenschmidt, G."]
[Result "1/2-1/2"]
[WhiteElo "2280"]
[BlackElo "2325"]
[PlyCount "44"]
[EventDate "1984.??.??"]

1. Nf3 Nf6 2. c4 e6 3. Nc3 c5 4. d4 d5 5. cxd5 Nxd5 6. e3 Be7 7. Bd3 Nc6 8. O-O
cxd4 9. exd4 O-O 10. a3 Bf6 11. Bc2 Nxc3 12. bxc3 b6 13. Qd3 g6 14. Re1 Bb7 15.
Bf4 Rc8 16. Rad1 Na5 17. Ne5 Qd5 18. f3 Bg7 19. Ng4 Qc4 20. Bd6 Qxd3 21. Bxd3
Rfe8 22. Bb4 Nc6 1/2-1/2

[Event "BL 8384 Sindelfingen-Braunschweig"]
[Site "?"]
[Date "1984.??.??"]
[Round "?.2"]
[White "Ullrich, F."]
[Black "Schruefer, G."]
[Result "0-1"]
[WhiteElo "2275"]
[BlackElo "2205"]
[PlyCount "68"]
[EventDate "1984.??.??"]

1. d4 Nf6 2. c4 g6 3. g3 Bg7 4. Bg2 d5 5. cxd5 Nxd5 6. Nf3 O-O 7. O-O Nb6 8.
Nc3 Nc6 9. e3 e5 10. d5 Ne7 11. e4 Bg4 12. Qb3 c6 13. Rd1 cxd5 14. exd5 Nf5 15.
Re1 Bxf3 16. Bxf3 Nd4 17. Qd1 Nc4 18. Bg2 Qa5 19. Rf1 h6 20. Ne2 Rac8 21. b3
Nd6 22. Nxd4 exd4 23. Bb2 Nb5 24. Qd3 Rfd8 25. Rfe1 Rc7 26. h4 h5 27. Bf3 Rcd7
28. Re2 Nc7 29. Bxd4 Rxd5 30. Bxd5 Qxd5 31. Rc1 Ne6 32. Re4 Nxd4 33. Rc7 Qf5
34. Qc4 b5 0-1

[Event "BL 8384 Heidelberg-Lasker"]
[Site "?"]
[Date "1984.??.??"]
[Round "?.1"]
[White "Wockenfuss, K."]
[Black "Steinbacher, M."]
[Result "1-0"]
[WhiteElo "2355"]
[BlackElo "2310"]
[PlyCount "89"]
[EventDate "1984.??.??"]

1. d4 Nf6 2. Nf3 c5 3. d5 g6 4. Nc3 Bg7 5. e4 O-O 6. Be2 e6 7. O-O exd5 8. e5
Ng4 9. Bg5 Qa5 10. Nxd5 Nc6 11. Nd2 Ngxe5 12. Nb3 Qa4 13. Nc3 Qb4 14. a3 Qb6
15. Nd5 c4 16. Nxb6 axb6 17. Nd2 d5 18. Rb1 Bf5 19. f4 Nd4 20. fxe5 Bxc2 21.
Qe1 Rae8 22. Nf3 Bxe5 23. Rf2 Bg7 24. Rc1 Bd3 25. Bxd3 Rxe1+ 26. Rxe1 cxd3 27.
Rd1 Ne6 28. Rxd3 d4 29. Rc2 h6 30. Be7 Re8 31. Bd6 g5 32. g4 Rd8 33. Be5 Bxe5
34. Nxe5 Nc5 35. Rd1 Rd5 36. Nf3 d3 37. Rcd2 h5 38. b4 hxg4 39. bxc5 gxf3 40.
Rxd3 Rxc5 41. Rxf3 b5 42. Rd8+ Kg7 43. Rd7 b4 44. axb4 Rb5 45. Rfxf7+ 1-0

[Event "BL 8384 Heidelberg-Lasker"]
[Site "?"]
[Date "1984.??.??"]
[Round "?.3"]
[White "Cladouras, P."]
[Black "Neunhoeffer, H."]
[Result "1/2-1/2"]
[WhiteElo "2290"]
[BlackElo "2235"]
[PlyCount "101"]
[EventDate "1984.??.??"]

1. e4 e5 2. Nf3 Nc6 3. Bb5 a6 4. Ba4 Nf6 5. O-O Be7 6. Re1 b5 7. Bb3 d6 8. c3
O-O 9. h3 Na5 10. Bc2 c5 11. d4 Nd7 12. dxe5 dxe5 13. Nbd2 f6 14. Nf1 Nb6 15.
Qe2 Be6 16. N3h2 c4 17. Ne3 Rf7 18. Nf5 Bf8 19. Ng4 Qc7 20. h4 Nb7 21. h5 Nc5
22. Qf3 Rd8 23. Qg3 Kh8 24. Re3 Qd7 25. Qf3 Nd3 26. b3 Bc5 27. Re2 Nxc1 28.
Rxc1 a5 29. Nge3 Qc6 30. h6 g6 31. Ng7 Bc8 32. Ree1 Bf8 33. Red1 Rxd1+ 34. Rxd1
Bxg7 35. hxg7+ Kxg7 36. bxc4 bxc4 37. Nd5 Nxd5 38. Rxd5 Qb6 39. Qd1 Qb2 40. Ba4
Qxc3 41. Rd8 Bb7 42. Rd7 Bxe4 43. Rxf7+ Kxf7 44. Qd7+ Kg8 45. f3 Bf5 46. Qd8+
Kg7 47. Qe7+ Kh6 48. Qxf6 Qb4 49. Bd1 Qe1+ 50. Kh2 c3 51. f4 1/2-1/2

[Event "BL 8384 Koblenz-München 36"]
[Site "?"]
[Date "1984.??.??"]
[Round "?.2"]
[White "Wolf, V."]
[Black "Robatsch, K."]
[Result "1/2-1/2"]
[WhiteElo "2245"]
[BlackElo "2420"]
[PlyCount "96"]
[EventDate "1984.??.??"]

1. e4 c5 2. Nf3 d6 3. d4 cxd4 4. Nxd4 Nf6 5. Nc3 Nc6 6. Bg5 Bd7 7. Bxf6 gxf6 8.
Nb3 f5 9. Qh5 Qc8 10. Bd3 Ne5 11. f4 Nc4 12. O-O Nxb2 13. Nd5 Bc6 14. Rae1 h6
15. Re2 Bg7 16. Rfe1 Nxd3 17. cxd3 Kf8 18. Ne3 fxe4 19. Nf5 d5 20. dxe4 dxe4
21. Nxg7 Kxg7 22. Qe5+ Kh7 23. Nd4 Re8 24. Qh5 Rf8 25. f5 Bd5 26. f6 Qc5 27.
Qf5+ Kh8 28. Qe5 Qd6 29. Qh5 Qxf6 30. Qxd5 Rad8 31. Qxe4 Qxd4+ 32. Qxd4+ Rxd4
33. Rxe7 Rb4 34. R1e2 Kg7 35. Rc7 a5 36. Ree7 b5 37. Rb7 Rb2 38. a3 Kg6 39. h3
b4 40. axb4 axb4 41. Re4 b3 42. Reb4 h5 43. Rxb3 Rxb3 44. Rxb3 Re8 45. Kf2 Re4
46. Kf3 Ra4 47. g3 f6 48. Rc3 Rb4 1/2-1/2

[Event "BL 8384 Koblenz-München 36"]
[Site "?"]
[Date "1984.??.??"]
[Round "?.3"]
[White "Bastian, H."]
[Black "Schulz, KJ."]
[Result "1/2-1/2"]
[WhiteElo "2375"]
[BlackElo "2330"]
[PlyCount "90"]
[EventDate "1984.??.??"]

1. e4 d5 2. exd5 Qxd5 3. Nc3 Qa5 4. Bc4 Nf6 5. h3 c6 6. Nf3 Bf5 7. O-O e6 8. d3
Be7 9. Bd2 Qc7 10. Qe2 Bg6 11. Rae1 Nbd7 12. a3 O-O 13. Nh4 Rfe8 14. Nxg6 hxg6
15. f4 Qb6+ 16. Kh1 Qxb2 17. Rb1 Qxa3 18. Rxb7 Qd6 19. Ne4 Nxe4 20. dxe4 Nc5
21. Bb4 Qd4 22. Rxe7 Rxe7 23. Rd1 Nxe4 24. Rxd4 Ng3+ 25. Kh2 Nxe2 26. Bxe2 c5
27. Bxc5 Rc7 28. Bf3 Rac8 29. Bd6 Rxc2 30. Ra4 Rd2 31. Be5 Rd7 32. Bd4 a6 33.
Bg1 Rd6 34. Ra5 Rc4 35. Kg3 Rc3 36. Bf2 Kh7 37. Be1 Rb3 38. Kh2 Rb5 39. Ra4 a5
40. Bc3 Rc5 41. Bd4 Rb5 42. Be5 Rd2 43. Bc3 Rd6 44. Rxa5 Rxa5 45. Bxa5 Rd4
1/2-1/2

[Event "BL 8384 Porz-Bayern"]
[Site "?"]
[Date "1984.??.??"]
[Round "?.1"]
[White "Pfleger, He"]
[Black "Hort, V."]
[Result "1/2-1/2"]
[WhiteElo "2505"]
[BlackElo "2595"]
[PlyCount "58"]
[EventDate "1984.??.??"]

1. c4 e5 2. Nc3 Nc6 3. Nf3 f5 4. d3 Nf6 5. g3 Bb4 6. Bg2 d6 7. O-O Bxc3 8. bxc3
O-O 9. Rb1 Qe8 10. Ne1 b6 11. Nc2 Bd7 12. Nb4 Nxb4 13. cxb4 Bc6 14. Bxc6 Qxc6
15. b5 Qb7 16. f3 a6 17. a4 axb5 18. axb5 Nd7 19. Bb2 Rae8 20. Qc2 f4 21. Rf2
Nc5 22. gxf4 Rxf4 23. Rg2 Ne6 24. Kh1 Ref8 25. Rbg1 R8f7 26. Qb3 Qc8 27. Qa2
Rh4 28. Bc1 g6 29. Be3 Kg7 1/2-1/2

[Event "BL 8384 Porz-Bayern"]
[Site "?"]
[Date "1984.??.??"]
[Round "?.2"]
[White "Goehring, K."]
[Black "Kindermann, S."]
[Result "1/2-1/2"]
[WhiteElo "2355"]
[BlackElo "2500"]
[PlyCount "60"]
[EventDate "1984.??.??"]

1. d4 Nf6 2. c4 e6 3. Nc3 Bb4 4. e3 O-O 5. Nf3 d5 6. Bd3 Nc6 7. O-O a6 8. Qe2
dxc4 9. Bxc4 Bd6 10. Rd1 Qe8 11. e4 e5 12. dxe5 Nxe5 13. Nxe5 Bxe5 14. f3 b5
15. Bb3 c5 16. Be3 c4 17. Bc2 Qe7 18. Bd4 Bb7 19. Bxe5 Qxe5 20. Qe3 Rfe8 21. a3
Rac8 22. Rd2 a5 23. Rad1 b4 24. axb4 axb4 25. Na4 Qb5 26. b3 c3 27. Rd6 Rc6 28.
Rd8 Rc8 29. R8d6 Rc6 30. Rd8 Rc8 1/2-1/2

[Event "BL 8384 Porz-Bayern"]
[Site "?"]
[Date "1984.??.??"]
[Round "?.3"]
[White "Hecht, H."]
[Black "Marian, R."]
[Result "1-0"]
[WhiteElo "2450"]
[BlackElo "2360"]
[PlyCount "65"]
[EventDate "1984.??.??"]

1. Nf3 Nf6 2. c4 c5 3. Nc3 Nc6 4. g3 e6 5. Bg2 d5 6. cxd5 exd5 7. d4 Be7 8. O-O
O-O 9. Bg5 cxd4 10. Nxd4 h6 11. Bf4 Bg4 12. h3 Be6 13. Rc1 Qd7 14. Nxe6 fxe6
15. e4 d4 16. e5 dxc3 17. exf6 Qxd1 18. Rfxd1 Bxf6 19. bxc3 Rfd8 20. Be3 Rxd1+
21. Rxd1 Bxc3 22. Bxc6 bxc6 23. Rc1 Bb2 24. Rc2 Ba1 25. Rxc6 a5 26. a4 e5 27.
Kg2 Bd4 28. Kf3 Rb8 29. Ra6 Bc3 30. Rb6 Rc8 31. Ke4 Bd4 32. Bxd4 Rc4 33. Kxe5
1-0

[Event "BL 8384 Porz-Bayern"]
[Site "?"]
[Date "1984.??.??"]
[Round "?.4"]
[White "Ostermeyer, P."]
[Black "Bischoff, K."]
[Result "1-0"]
[WhiteElo "2450"]
[BlackElo "2400"]
[PlyCount "123"]
[EventDate "1984.??.??"]

1. d4 d6 2. e4 Nf6 3. Nc3 g6 4. Nf3 Bg7 5. Be2 O-O 6. O-O c5 7. dxc5 dxc5 8. h3
Nc6 9. Be3 b6 10. Qc1 Nd4 11. e5 Nxe2+ 12. Nxe2 Ne8 13. Rd1 Qc7 14. Bf4 Qb7 15.
Qe3 Bd7 16. c4 Bc6 17. Nc3 Nc7 18. Ng5 Rad8 19. e6 Nxe6 20. Nxe6 fxe6 21. Qxe6+
Kh8 22. Rxd8 Rxd8 23. f3 Bxf3 24. gxf3 Qxf3 25. Ne2 Bd4+ 26. Nxd4 Qxf4 27. Ne2
Qg5+ 28. Kh1 Qf6 29. Qxf6+ exf6 30. Nc3 Rd2 31. Rd1 Rxb2 32. Rd7 f5 33. Nd5 Kg8
34. Nf6+ Kf8 35. Nxh7+ Ke8 36. Nf6+ Kf8 37. Rxa7 Rc2 38. Nd7+ Ke7 39. Nxb6+ Ke6
40. a4 g5 41. Rg7 Kf6 42. Rc7 Ke5 43. Rxc5+ Kf4 44. Kg1 g4 45. hxg4 fxg4 46.
Rb5 Rc1+ 47. Kg2 Rc2+ 48. Kf1 Rc1+ 49. Ke2 g3 50. Nd5+ Ke4 51. Rb1 Rxc4 52. Nb4
Rc5 53. Kf1 Ke3 54. Kg2 Ra5 55. Ra1 Kd2 56. Ra3 Kc1 57. Nd3+ Kd2 58. Kxg3 Ke3
59. Nc5+ Ke2 60. Nb3 Ra7 61. Nd4+ Kd2 62. a5 1-0

[Event "BL 8384 Porz-Bayern"]
[Site "?"]
[Date "1984.??.??"]
[Round "?.6"]
[White "Schmidt, B."]
[Black "Klundt, K."]
[Result "1/2-1/2"]
[WhiteElo "2340"]
[BlackElo "2340"]
[PlyCount "34"]
[EventDate "1984.??.??"]

1. d4 Nf6 2. Nf3 g6 3. c4 Bg7 4. Nc3 O-O 5. e4 d6 6. Be2 e5 7. O-O Nc6 8. d5
Ne7 9. Ne1 Nd7 10. Nd3 f5 11. Bd2 Nf6 12. f3 c5 13. b4 cxb4 14. Nxb4 Qb6+ 15.
Kh1 Qxb4 16. Na4 Qa3 17. Bc1 Qb4 1/2-1/2

[Event "BL 8384 Porz-Bayern"]
[Site "?"]
[Date "1984.??.??"]
[Round "?.7"]
[White "Feustel, B."]
[Black "Sigurjonsson, G."]
[Result "1/2-1/2"]
[WhiteElo "2330"]
[BlackElo "2460"]
[PlyCount "80"]
[EventDate "1984.??.??"]

1. Nf3 Nf6 2. c4 c6 3. b3 d5 4. g3 Bf5 5. Bg2 e6 6. O-O Nbd7 7. Bb2 Be7 8. d3
h6 9. Nbd2 O-O 10. a3 a5 11. Ra2 Re8 12. Qa1 Bg4 13. h3 Bxf3 14. Nxf3 Nc5 15.
b4 Na4 16. Be5 Bf8 17. Qd1 Nb6 18. c5 Nbd7 19. Qb3 Nxe5 20. Nxe5 Nd7 21. Nxd7
Qxd7 22. d4 e5 23. dxe5 Rxe5 24. Rd1 Qc7 25. Rc2 Rae8 26. Bf3 axb4 27. axb4 Ra8
28. Kg2 g6 29. b5 Ra5 30. bxc6 bxc6 31. Qb6 Re7 32. Rb1 h5 33. h4 Rd7 34. Rb3
Ra7 35. e4 dxe4 36. Bxe4 Rb7 37. Qxc7 Rdxc7 38. Rb6 Ra7 39. Rxc6 Rxc6 40. Bxc6
Rc7 1/2-1/2

[Event "BL 8384 Porz-Bayern"]
[Site "?"]
[Date "1984.??.??"]
[Round "?.8"]
[White "Kreutzkamp, R."]
[Black "Schubert, C."]
[Result "0-1"]
[WhiteElo "2235"]
[BlackElo "2260"]
[PlyCount "62"]
[EventDate "1984.??.??"]

1. e4 c5 2. c3 d6 3. d4 Nf6 4. Bd3 cxd4 5. cxd4 g6 6. Nc3 Bg7 7. f3 O-O 8. Be3
Nc6 9. Nge2 e5 10. d5 Nb4 11. Bb1 Nh5 12. O-O f5 13. exf5 gxf5 14. Qd2 Nf6 15.
a3 Na6 16. b4 Bd7 17. Bd3 Nc7 18. Rac1 Kh8 19. Bc2 Rg8 20. f4 Ng4 21. fxe5 Bxe5
22. Bf4 Qh4 23. h3 Nf6 24. Bxe5 dxe5 25. Qe3 f4 26. Qxe5 Rxg2+ 27. Kxg2 Rg8+
28. Kf3 Qxh3+ 29. Kf2 Qh4+ 30. Kf3 Bg4+ 31. Kxf4 Qh2+ 0-1

[Event "BL 8384 München 36-Porz"]
[Site "?"]
[Date "1984.??.??"]
[Round "?.1"]
[White "Hort, V."]
[Black "Unzicker, W."]
[Result "1-0"]
[WhiteElo "2595"]
[BlackElo "2455"]
[PlyCount "45"]
[EventDate "1984.??.??"]

1. e4 e5 2. Nf3 Nc6 3. d4 exd4 4. Nxd4 Nf6 5. Nxc6 bxc6 6. e5 Qe7 7. Qe2 Nd5 8.
c4 Ba6 9. b3 O-O-O 10. Bb2 Qg5 11. Nd2 f6 12. h4 Qh6 13. O-O-O Bc5 14. Qf3 Nf4
15. exf6 gxf6 16. g3 Ne6 17. Qxf6 Qh5 18. f4 Rhg8 19. Qe5 Qxe5 20. fxe5 Bd4 21.
Bxd4 Nxd4 22. Ne4 Nf5 23. Rd3 1-0

[Event "BL 8384 München 36-Porz"]
[Site "?"]
[Date "1984.??.??"]
[Round "?.2"]
[White "Robatsch, K."]
[Black "Goehring, K."]
[Result "0-1"]
[WhiteElo "2420"]
[BlackElo "2355"]
[PlyCount "104"]
[EventDate "1984.??.??"]

1. Nf3 d5 2. c4 e6 3. d4 Nf6 4. Nc3 c5 5. cxd5 Nxd5 6. e3 Nc6 7. Bd3 Be7 8. O-O
cxd4 9. exd4 O-O 10. a3 Bf6 11. Bc2 Nxc3 12. bxc3 b6 13. Nd2 Bb7 14. Ne4 Rc8
15. Re1 Be7 16. Re3 f5 17. Nd2 Na5 18. Bb1 Bd5 19. Ba2 Bf6 20. Nf3 Re8 21. Bxd5
Qxd5 22. Rd3 Red8 23. Bf4 Nc4 24. Qc1 e5 25. dxe5 Qxd3 26. exf6 gxf6 27. Bg5
Rd6 28. Bf4 Rd5 29. h3 Na5 30. Qe1 Qe4 31. Be3 Kf7 32. Nd2 Qd3 33. Bd4 Re8 34.
Qd1 Re2 35. Nf1 Qxd1 36. Rxd1 Nb3 37. Ne3 Ra5 38. Nc4 Ra4 39. Kf1 Re6 40. Ne3
f4 41. Nc2 Rc4 42. Ne1 Nxd4 43. cxd4 Rc3 44. Nd3 f3 45. d5 fxg2+ 46. Kxg2 Rd6
47. Nf4 Rxa3 48. Rc1 Rd7 49. Rc6 Rb3 50. Nh5 Rxd5 51. Rxf6+ Ke7 52. Rh6 a5 0-1

[Event "BL 8384 München 36-Porz"]
[Site "?"]
[Date "1984.??.??"]
[Round "?.3"]
[White "Marian, R."]
[Black "Bastian, H."]
[Result "0-1"]
[WhiteElo "2360"]
[BlackElo "2375"]
[PlyCount "140"]
[EventDate "1984.??.??"]

1. d4 Nf6 2. Nf3 g6 3. c4 Bg7 4. Nc3 O-O 5. g3 d6 6. Bg2 Nc6 7. O-O Rb8 8. Bd2
Bg4 9. d5 Ne5 10. Nxe5 dxe5 11. Be3 a6 12. Qd2 b5 13. cxb5 axb5 14. b4 Qd7 15.
Bh6 Rfd8 16. Bxg7 Kxg7 17. Qe3 Qd6 18. a3 Bf5 19. h3 e6 20. dxe6 Qxe6 21. g4
Bc2 22. f4 exf4 23. Qxe6 fxe6 24. Rxf4 g5 25. Rf2 Bb3 26. Bc6 Bc4 27. a4 bxa4
28. Rxa4 Bd5 29. Nxd5 Nxd5 30. Ra7 Nf4 31. Rxc7+ Kg8 32. Kh2 Rxb4 33. e3 Ng6
34. Rff7 Nf8 35. Rg7+ Kh8 36. Rxg5 Rb3 37. Re5 Rc3 38. Kg3 h6 39. Rh5 Rd6 40.
Rxh6+ Kg8 41. g5 Rdxc6 42. Rxc6 Rxc6 43. h4 Kg7 44. Rf6 Nd7 45. Rf4 Kg6 46. Re4
Nc5 47. Re5 Nd3 48. Ra5 Rc4 49. Ra8 Ne5 50. Rg8+ Kf7 51. Rh8 Rg4+ 52. Kh3 Rg1
53. Rh7+ Kf8 54. Rh6 Ke7 55. Rh7+ Kd6 56. e4 Nd3 57. Rf7 Ke5 58. Kh2 Rg4 59.
Kh3 Rf4 60. g6 Nf2+ 61. Kg2 Nxe4 62. g7 Rg4+ 63. Kh3 Rg6 64. Ra7 Kf6 65. h5
Rxg7 66. Ra4 Nf2+ 67. Kh2 Ng4+ 68. Kh3 Nh6 69. Rf4+ Nf5 70. h6 Rh7 0-1

[Event "BL 8384 Bayern-Koblenz"]
[Site "?"]
[Date "1984.??.??"]
[Round "?.1"]
[White "Doncevic, D."]
[Black "Pfleger, He"]
[Result "1/2-1/2"]
[WhiteElo "2340"]
[BlackElo "2505"]
[PlyCount "133"]
[EventDate "1984.??.??"]

1. e4 d6 2. d4 Nf6 3. Nc3 g6 4. Nf3 Bg7 5. Be2 O-O 6. O-O c6 7. Re1 Nbd7 8. Bf4
Qc7 9. e5 Nh5 10. exd6 exd6 11. Be3 d5 12. Qd2 Nb6 13. h3 Be6 14. Bh6 Rae8 15.
Ne5 f6 16. Nf3 Nc8 17. Bf1 Bxh6 18. Qxh6 Nd6 19. Rad1 Ng7 20. Qf4 g5 21. Qc1
Kh8 22. Bd3 Qd7 23. Ne2 Nh5 24. Ng3 Nxg3 25. fxg3 Bf5 26. g4 Be4 27. Re3 f5 28.
Nxg5 f4 29. Ree1 Qg7 30. Nf3 Bxf3 31. gxf3 Qxd4+ 32. Kg2 Re3 33. Qd2 Rfe8 34.
Rxe3 Rxe3 35. Qc3 Qxc3 36. bxc3 Nf7 37. c4 dxc4 38. Be4 Ng5 39. Rd8+ Kg7 40.
Rd7+ Kf6 41. Rxb7 Nxe4 42. fxe4 Rg3+ 43. Kh2 Rc3 44. Rxh7 Rxc2+ 45. Kg1 Rxa2
46. Rc7 Ke5 47. Rxc6 Kd4 48. g5 Ra3 49. g6 Rxh3 50. Kf2 Rg3 51. Rc7 Rxg6 52.
Kf3 c3 53. Rd7+ Kc5 54. Rxa7 c2 55. Ra1 Kd4 56. Rc1 Rc6 57. Kxf4 Rf6+ 58. Kg4
Rf2 59. Kg3 Re2 60. e5 Ke4 61. Kg4 Rg2+ 62. Kh3 Kf3 63. e6 Re2 64. Kh4 Kf4 65.
Kh3 Ke3 66. Kg4 Ke4 67. Kg5 1/2-1/2